Ochrana rastlín technicko-informačná služba Chemických závodov J. Dimitrova

Bibliographic Details
Previous Title:Čo nového v ochrane rastlín
Corporate Authors: Chemické závody J. Dimitrova (Bratislava, Slovensko) Technicko-poradenská služba (Publisher), Západoslovenské tlačiarne, n.p. (Bratislava, Slovensko) (tlač.)
Other Authors: Zelený, B. (Publishing director)
Format: Journal
Language:Slovak
PhysicalDescription:2 roč. 31 x 22 cm
Published: Bratislava Technicko-poradenská služba Chemických závodov J. Dimitrova 1960-
Subjects:

MARC

LEADER 00000nas a22000001a 4500
001 vtls010299805
003 SK-MaSNL
005 20260228163312.0
008 110810d19601961xo qr p r 0 b0slo
015 |a SNBDS17XX9999 
015 |a 1013  |2 Balúnová 1945-60 
015 |a 0434  |2 Janů 1961-65 
038 |a SNKBUDS 
040 |a SNK  |b slo  |c SNK  |e AACR2 
041 0 |a slo 
044 |a xo  |c SK 
080 |a 632.9  |2 2001 
080 |a 66  |2 2001 
245 0 0 |a Ochrana rastlín  |b technicko-informačná služba Chemických závodov J. Dimitrova 
260 |a Bratislava  |b Technicko-poradenská služba Chemických závodov J. Dimitrova  |c 1960- 
300 |a 2 roč.  |c 31 x 22 cm 
310 |a 4x ročne  |b 1961 
310 |a Periodicita sa nedá určiť  |b 1960 
362 0 |a Roč. III, č. 1 (1960)-roč. IV, č. 4 (1961) 
500 |a Vych. v Bratislave nepravidelne vo formáte 31 x 22 cm, od 1/IV (1961) [4-krát ročne], vo formáte 28,5 x 20,5 cm 
500 |a Red. B. Zelený, tech. a výtv. spolupr. K. Boča 
500 |a Vyd. Technicko-poradenská služba Chemických závodov J. Dimitrova v Bratislave 
500 |a Tlač. Západoslov. tlačiarne, n. p. v Bratislave 
500 |a Jednotlivé čísla bez dátumu. 1 mimor. číslo pri príležitosti konania IV. Dní novej techniky (DNT 1960) v chemickej ochrane rastlín v Bratislave v dňoch 7. a 8. dec. 1960, 39 s. Ročníkom IV/1961 prestal vychádzať 
505 8 0 |g Roč. III. 1960 4 č. po 20-26 s. 
505 8 0 |g Roč. IV. 1961 4 č. po 24-28 s. 
525 |a Príloha: Technicko-informačná služba Chemických závodov J. Dimitrova v č. 2, roč. IV (1961) - 2 s. 
580 |a Nadviazal na čas. Čo nového v ochrane rastlín 
610 2 7 |a Chemické závody J. Dimitrova (Bratislava, Slovensko)  |2 SNKBUDS  |9 35479 
650 0 7 |a ochrana rastlín  |2 SNKPH  |9 3636 
650 0 7 |a chemický priemysel  |2 SNKPH  |9 69615 
655 7 |a podnikové časopisy  |2 SNKBUDS  |9 265225 
700 1 |a Zelený, B.  |4 pbd  |9 273322 
700 1 |a Boča, K.  |4 bkd  |9 270008 
710 2 |a Chemické závody J. Dimitrova (Bratislava, Slovensko)  |b Technicko-poradenská služba  |e vydav.  |9 273627 
710 2 |a Západoslovenské tlačiarne, n.p. (Bratislava, Slovensko)  |e tlač.  |9 268818 
780 0 0 |t Čo nového v ochrane rastlín 
852 |a SNK  |b 10000  |h ČSB 1291 
852 |a UKB  |b 300000  |h SB 4572 
852 |a SVKKK  |b 900000  |h C 2448 
852 |a UKB  |b 300000  |h 20 B 1394 
999 |c 9182  |d 11112